000 01431nam0a2200337 4500
001 RU\NLR\bibl\1294181
005 20260405173901.0
010 _a978-5-9292-0164-6
_92000
021 _aRU
_b2008-71663
_94103
035 _a(NLR Aleph) 001279822
090 _a491872
_c491872
100 _a20081113d2008 |||y0rusy50 ca
101 1 _arus
_cund
102 _aRU
105 _ay |||||||||
200 1 _aНационализм
_eпять путей к современности
_dNationalism: five roads to modernity
_fЛия Гринфельд
_g[пер.: Т.И. Грингольц, М.Р. Вирозуб]
_zeng
210 _aМосква
_cПЕР СЭ
_d2008
215 _a527 с.
_cил.
_d25
300 _aАвт. также на англ. яз.: Liah Greenfeld
300 _aНа обороте тит.л. авт.: проф. Л. Гринфельд
320 _aБиблиогр. в Коммент.: с. 466-526 и в подстроч. прим.
510 0 _6z20790
_aNationalism: five roads to modernity
_zeng
606 1 _aНациональное самосознание
_91554153
_3RU\NLR\auth\66679050
686 _aС550.67
700 1 _4070
_8rus
_7ca
_aГринфельд
_bЛ.
_gЛия
_3RU\NLR\auth\7775194
_958122
790 1 _4070
_8eng
_7ba
_aGreenfeld
_bL.
_gLiah
_3RU\NLR\auth\7775195
_958123
801 0 _aRU
_bNLR
_c20081113
_gRCR
801 1 _aRU
_bNLR
_c20081113
942 _cBOOK
980 _aNB